000
00232nam a22001097a 4500
082
_a
808.3 BRA'N
100
_a
BRADLEY, DAVID
_9
57796
245
_a
NO PLACE IN HIDE
260
_a
BOSTON
_b
BROWN
_c
1948
300
_a
182P
942
_c
BK
999
_c
568050
_d
568050